000
00364nam a2200157 a 4500
005
20140310183234.0
008
040709s19uu xx 00 eng d
050
_a
QP 34.5
_b
.N277 1999
100
_a
NTTC
245
_a
Heart :
_b
AP7.1 /
_c
NTTC.
260
_c
1999.
300
_a
26 p. :
_c
22 cm.
942
_c
BK
_2
lcc
_k
LOC
999
_c
20534
_d
20534